000 00538nam a2200193 a 4500
001 000021018
005 20200930011219.0
008 100830s2007 dr 001 0 spa d
020 _a0976302144
020 _a10
_d1958-
040 _aDO-SdBNP
_bspa
_cBNPHU
082 _axxxxx
_bA727m
100 1 _aArmas, Armando
_943982
245 1 0 _aMitos del antiexilio /
_cArmando Armas.
260 _aSanto Domingo :
_bEditora Centenario,
_c2007.
300 _a141 p. ;
_c22 cm.
500 _aIncluye notas al pie de las páginas
049 _aBNPD
999 _c20521
_d20521